000 00354nam a22001457a 4500
005 20240815090043.0
008 240815b |||||||| |||| 00| 0 eng d
020 _a13:978-81-909065-6-2
050 _aSF 525.S78 2010
100 _aSTUART F. S
245 _aBEE-KEEPING PRACTICES
260 _aINDIA
_bAXIS BOOKS
300 _aX,109
942 _2lcc
_cBK
999 _c211500
_d211500